Россия в окружающем мире: 2007: аналитический ежегодник

Λεπτομέρειες βιβλιογραφικής εγγραφής
Συγγραφή απο Οργανισμό/Αρχή: Международный независимый эколого-политологический университет
Άλλοι συγγραφείς: Марфенин Н. Н. (редактор), Степанов С. А.
Περίληψη:Издаваемый Центром теоретического анализа экологических проблем Международного независимого эколого-политологического университета аналитический ежегодник год за годом отражает в статьях, справочных материалах и календаре событий происходящие в России изменения в контексте экологической безопасности, общемировых тенденций глобализации и перехода человечества к устойчивому развитию. В центре внимания: демографические и социальные процессы, ресурсная политика, опасность загрязнения окружающей среды, здоровье населения, принимаемые мировым сообществом и в нашей стране меры по преодолению экологического кризиса, образование и участие общественности в управлении развитием государства.В десятом выпуске ежегодника проанализировано развитие России за последние 30 лет: 15 лет до развала СССР и такой же срок после него. для России и переводная статья об экологизации городского транспорта. Дополнительно к аналитическим статьям книга содержит десятки справочных данных; календарь основных событий за прошедший год; перечень постановлений Правительства России по рациональному природопользова­нию; перечень книг по экологии и природопользованию, опубликованных на русском языке за последнее время.
Γλώσσα:Ρωσικά
Έκδοση: Москва, Изд-во МНЭПУ, 2007
Θέματα:
Μορφή: Βιβλίο
KOHA link:https://koha.lib.tpu.ru/cgi-bin/koha/opac-detail.pl?biblionumber=205541

MARC

LEADER 00000nam0a2200000 4500
001 205541
005 20231101225303.0
010 |a 9785738302930 
035 |a (RuTPU)RU\TPU\book\224010 
035 |a RU\TPU\book\53845 
090 |a 205541 
100 |a 20111212d2007 k y0rusy50 ca 
101 0 |a rus 
102 |a RU 
105 |a a z 001zy 
200 1 |a Россия в окружающем мире: 2007  |e аналитический ежегодник  |f Международный независимый эколого-политологический университет ; под ред. Н. Н. Марфенина, С. А. Степанова 
210 |a Москва  |c Изд-во МНЭПУ  |d 2007 
215 |a 312 с.  |c ил.  |e Приложение: CD-ROM 
320 |a Библиогр.: с. 297-302. 
330 |a Издаваемый Центром теоретического анализа экологических проблем Международного независимого эколого-политологического университета аналитический ежегодник год за годом отражает в статьях, справочных материалах и календаре событий происходящие в России изменения в контексте экологической безопасности, общемировых тенденций глобализации и перехода человечества к устойчивому развитию. В центре внимания: демографические и социальные процессы, ресурсная политика, опасность загрязнения окружающей среды, здоровье населения, принимаемые мировым сообществом и в нашей стране меры по преодолению экологического кризиса, образование и участие общественности в управлении развитием государства.В десятом выпуске ежегодника проанализировано развитие России за последние 30 лет: 15 лет до развала СССР и такой же срок после него. для России и переводная статья об экологизации городского транспорта. Дополнительно к аналитическим статьям книга содержит десятки справочных данных; календарь основных событий за прошедший год; перечень постановлений Правительства России по рациональному природопользова­нию; перечень книг по экологии и природопользованию, опубликованных на русском языке за последнее время. 
606 1 |a Социальная экология  |x Социология  |2 stltpush  |3 (RuTPU)RU\TPU\subj\37875  |9 58646 
606 1 |a Экология  |x Социальные аспекты  |2 stltpush  |3 (RuTPU)RU\TPU\subj\39021  |9 59262 
610 1 |a общество 
610 1 |a природа 
610 1 |a Россия 
610 1 |a 20 век 
610 1 |a промышленность 
610 1 |a история 
610 1 |a транспорт 
610 1 |a почва 
610 1 |a природные ресурсы 
610 1 |a управление 
610 1 |a устойчивое развитие 
610 1 |a окружающая среда 
610 1 |a охрана 
610 1 |a ежегодники 
610 1 |a CD-ROM 
675 |a 504.03  |v 3 
686 |a С55.0  |v LBC/SL-A  |2 rubbk 
702 1 |a Марфенин  |b Н. Н.  |4 340 
702 1 |a Степанов  |b С. А.  |4 340 
712 0 2 |a Международный независимый эколого-политологический университет  |2 stltpush  |3 (RuTPU)RU\TPU\col\2792 
801 1 |a RU  |b 63413507  |c 20030430  |g PSBO 
801 2 |a RU  |b 63413507  |c 20150211  |g PSBO 
942 |c BK